International development and the social sciences : (Record no. 41734)
[ view plain ]
| 000 -LEADER | |
|---|---|
| campo de control de longitud fija | 01674nam a2200181 4500 |
| 001 - NÚMERO DE CONTROL | |
| campo de control | 1211 |
| 005 - FECHA Y HORA DE LA ÚLTIMA TRANSACCIÓN | |
| campo de control | 20230410115450.0 |
| 008 - DATOS DE LONGITUD FIJA--INFORMACIÓN GENERAL | |
| campo de control de longitud fija | 060907n1997 dr spa |
| 035 ## - NÚMERO DE CONTROL DEL SISTEMA | |
| -- | funglode1217 |
| 041 ## - CÓDIGO DE IDIOMA | |
| Código de lengua del texto/banda sonora o título independiente | EN |
| 050 14 - SIGNATURA TOPOGRÁFICA DE LA BIBLIOTECA DEL CONGRESO | |
| Número de clasificación | HD 77 I61 1997 |
| 245 0# - MENCIÓN DEL TÍTULO | |
| Título | International development and the social sciences : |
| Resto del título | Essays on the history and politics of knoweledge / |
| Mención de responsabilidad, etc. | Frederick Cooper, Randall Packard (Editores) |
| 260 ## - PUBLICACIÓN, DISTRIBUCIÓN, ETC. | |
| Lugar de publicación, distribución, etc. | Los Angeles, California : |
| Nombre del editor, distribuidor, etc. | University of California Press, |
| Fecha de publicación, distribución, etc. | 1997 |
| 300 ## - DESCRIPCIÓN FÍSICA | |
| Extensión | xii, 361 p. |
| 520 ## - RESUMEN, ETC. | |
| Sumario, etc. | Instruments and idioms of colonial and national development : India's historical experience in comparative perspective, 45. -- Modernizing bureaucrats, backward africans, and the development concept, 64. -- Vision of postwar health and their impact on public health interventions in the developing world, 93. -- Intellectual openings and policy closures : Disequilibria in contemporary development economics, 119. -- Anthropology and its twin : Development in the constitution of a discipline, 150. -- Population science private foundations, and development aid : The transformation of demographic knowledge in the United States, 176. -- Redefining development at the world bank, 203. -- Development ideas in Latin America : Paradingm shift and the economic commission for Latin America, 228. -- Found in most traditional societies : Traditional medical practitioners between culture and development, 259. -- Senegalese development : From mass mobilization to technocratic elitism, 291. -- Agrarian populism in the development of a modern nation, 320 |
| 700 ## - ENTRADA AGREGADA--NOMBRE PERSONAL | |
| Nombre de persona | Cooper, Frederick, ed. \ Packard, Randall, ed |
| 942 ## - ELEMENTOS DE ENTRADA SECUNDARIOS (KOHA) | |
| Fuente del sistema de clasificación o colocación | Clasificación de Library of Congress |
| Tipo de ítem Koha | |
| Estatus retirado | Estado de pérdida | Fuente del sistema de clasificación o colocación | Estado de daño | No para préstamo | Colección | Biblioteca de origen | Biblioteca actual | Ubicación en estantería | Fecha de adquisición | Serial enumeration / chronology | Signatura topográfica completa | Código de barras | Visto por última vez | Tipo de ítem Koha |
|---|---|---|---|---|---|---|---|---|---|---|---|---|---|---|
| Clasificación de Library of Congress | Ciencias Sociales | Biblioteca Juan Bosch | Biblioteca Juan Bosch | Ciencias Sociales (3er. Piso) | 24/10/2018 | 1 | HD 77 I61 1997 | 00000001385 | 24/10/2018 |
